Enciclopedia de la sexualidad : tomo 2 /
Guardado en:
| Autor Principal: | |
|---|---|
| Formato: | Libro |
| Publicado: |
Madrid :
Océano,
1993
|
| Materias: | |
| Etiquetas: |
Agregar Etiqueta
Sin Etiquetas, Sea el primero en etiquetar este registro!
|
| LEADER | 00687nam a22001935a 4500 | ||
|---|---|---|---|
| 001 | CEM.cems009081 | ||
| 005 | 20090907121250.0 | ||
| 008 | 130507s1993##################000#0#####d | ||
| 003 | CEMS | ||
| 020 | |a 8477647445 | ||
| 082 | 0 | 4 | |a 612.6 |
| 100 | 1 | |a Navarro, Joaquín | |
| 245 | 1 | 0 | |a Enciclopedia de la sexualidad : |b tomo 2 / |c Dirección de Obra de Joaquín Navarro |
| 260 | |a Madrid : |b Océano, |c 1993 | ||
| 300 | |a 161 p. | ||
| 505 | 0 | |a Tú y yo en la cama -- Entre la rutina y la acrobacia -- Ser pareja -- Los que se han quedado solos -- Cuando el sexo no funciona -- Puesta a punto | |
| 653 | |a Amor | ||
| 653 | |a Divorcio | ||
| 859 | |a CEMS |b BIB. CEMS - 11 de abril |h 612.6 |i Oc2 |p 18709.95 |t Ej.1 |v 2 |3 2 | ||
